000 00290nam a22001097a 4500
008 230621b xxu||||| |||| 00| 0 eng d
082 _a328.3
_bPSC 2013
245 _aThe Journal of Parliamentary Information
260 _aKenya
_bParliament of Kenya
_c2013
300 _a107p
942 _2ddc
_cBK
999 _c2325
_d2325